000 00505nam a2200181 a 4500
005 20240925064057.0
008 991125s1984 es 000 0 spa u
035 _aUPN01000000744
049 _aCG
050 4 _aBF723 P2.5
_bL4.28
100 1 _aLee, Catherine
245 1 0 _aAdaptación social del niño /
_cCatherine Lee ; tr. Ana Woods.
260 _aMadrid :
_bNarcea,
_c1984.
300 _a110 p.
650 4 _aNiño, Estudio del
_9221
650 4 _aPADRES E HIJOS -
_xORIENTACION
_99237
905 _aLibro
999 _c744
_d744